Curso de administración moderna (Registro nro. 2277)

Detalles MARC
000 -LEADER
fixed length control field 01998 a2200229 4500
001 - CONTROL NUMBER
control field 32452
005 - DATE AND TIME OF LATEST TRANSACTION
control field 20260407155623.0
008 - FIXED-LENGTH DATA ELEMENTS--GENERAL INFORMATION
fixed length control field 260407a1975 arg spa d
003 - CONTROL NUMBER IDENTIFIER
control field AR-UNSa-BCEJYS
040 ## - CATALOGING SOURCE
Original cataloging agency AR-UNSa-BCEJYS
Language of cataloging spa
Transcribing agency AR-UNSa-BCEJYS
080 ## - UNIVERSAL DECIMAL CLASSIFICATION NUMBER
Universal Decimal Classification number 658
Common auxiliary subdivision Administración de empresas. Organización comercial
100 1# - MAIN ENTRY--PERSONAL NAME
Personal name Koontz, Harold
245 10 - TITLE STATEMENT
Title Curso de administración moderna
Name of part/section of a work un análisis de las funciones de la administración
250 ## - EDITION STATEMENT
Edition statement 5a. ed
264 #1 - PRODUCTION, PUBLICATION, DISTRIBUTION, MANUFACTURE, AND COPYRIGHT NOTICE
Place of production, publication, distribution, manufacture Panamá :
Name of producer, publisher, distributor, manufacturer Libros McGraw-Hill
Date of production, publication, distribution, manufacture, or copyright notice 1975
300 ## - PHYSICAL DESCRIPTION
Extent 784 p.
Dimensions 23 cm.
505 ## - FORMATTED CONTENTS NOTE
Formatted contents note I. Los fundamentos de la administración: 1. La administración y la ciencia de la administración - 2. Patrones del análisis administrativo - 3. Funciones y autoridad del administrador - 4. El administrador y su ambiente - 5. La administración comparada - II. Planeación: 6. La naturaleza y el propósito de la planeación - 7. Objetivos - 8. Premisas de planeación - 9. Toma de decisiones - 10. Estrategias y políticas - 11. Ejecución de la planeación - III. Organizción: 12. Naturaleza y propósito de la organización - 13. La amplitud de comando de la administración - 14. Departamentalización básica - 15.Asignación de actividades - 16. Relaciones de autoridad entre la linea y el staff - 17. Departamentos de servicios - 18. Descentralización de autoridad - 19. Comités - 20. Cómo lograr una organización efectiva - IV. Dotación de personal: 21. Naturaleza y objeto de la dotación de personal(staffing) - 22. Selección de administradores - 23. Evaluación de admnistradores - 24. Desarrollo y entrenamiento de administradores - V. Dirección : 25. Naturaleza de la dirección - 26. Motivación - 27. La comunicación - 28. Liderazgo - VI: Control: 29. El proceso de control - 30. Técnicas especial del control - 31. Manera de asegurar una administrativa efectiva.
590 ## - LOCAL NOTE (RLIN)
Local note niveau_biblio:m niveau_hierar:0
700 1# - ADDED ENTRY--PERSONAL NAME
Personal name O' Donnell, Cyril
700 1# - ADDED ENTRY--PERSONAL NAME
Personal name Ciardelli Fadul, Giovanni
942 ## - ADDED ENTRY ELEMENTS (KOHA)
Koha item type
Existencias
Withdrawn status Lost status Damaged status Not for loan Home library Current library Shelving location Date acquired Total checkouts Full call number Barcode Date last seen Price effective from Koha item type
        Biblioteca Prof. Eusebio Cleto del Rey Biblioteca Prof. Eusebio Cleto del Rey   07/04/2026   658 K75 5ed. L25089 07/04/2026 07/04/2026 Libro
        Biblioteca Prof. Eusebio Cleto del Rey Biblioteca Prof. Eusebio Cleto del Rey   07/04/2026   658 K75 5ed. L26137 07/04/2026 07/04/2026 Libro
        Biblioteca Prof. Eusebio Cleto del Rey Biblioteca Prof. Eusebio Cleto del Rey   07/04/2026   658 K75 5ed. L26139 07/04/2026 07/04/2026 Libro
        Biblioteca Prof. Eusebio Cleto del Rey Biblioteca Prof. Eusebio Cleto del Rey   07/04/2026   658 K75 5ed. L26776 07/04/2026 07/04/2026 Libro
        Biblioteca Prof. Eusebio Cleto del Rey Biblioteca Prof. Eusebio Cleto del Rey   07/04/2026   658 K75 5ed. L26138 07/04/2026 07/04/2026 Libro
        Biblioteca Prof. Eusebio Cleto del Rey Biblioteca Prof. Eusebio Cleto del Rey   07/04/2026   658 K75 5ed. L25090 07/04/2026 07/04/2026 Libro